000 00462nam a2200193Ia 4500
003 OSt
005 20221005131457.0
006 a|||||r|||| 00| 0
007 ta
008 221004b |||||||| |||| 00| 0 eng d
024 _a111350
037 _cTextual
040 _aCRL
_cCRL
_beng
041 _2eng
_aeng
245 0 _aSouth Rhodesia
_b Report of director of division of irrisat
260 _c1958
942 _cTEXL
_2cc
999 _c1060465
_d1060465